Pokemon commençant par la lettre W - Gen 1 à 9 - Statistiques

Statistiques générales
  • Ce quiz a été pris 34 fois
  • Le résultat moyen est 5 sur 7
Statistiques - réponses
Réponse % Correct
Wattouat
84%
Wimessir
78%
Wattapik
72%
Wailmer
69%
Wailord
69%
Wagomine
63%
Wushours
53%
Aucun quiz correspondant
Distribution des résultats
% des personnes avec chaque résultat
Percentile par nombre de réponses
Votre historique - résultats
Vous n’avez pas pris ce quiz